[Event "EYCC 2024 - O08"]
[Site "?"]
[Date "2024.08.23"]
[Round "2.8"]
[White "Petrenko, Tymofii"]
[Black "Monka, Patryk"]
[Result "1-0"]
[BlackElo "1554"]
[WhiteElo "1696"]
[LiveChessVersion "1.4.8"]

1. e4 {[%clk 1:30:57]} e5 {[%clk 1:30:23]} 2. Nf3 {[%clk 1:31:16]} Nc6
{[%clk 1:29:59]} 3. Bc4 {[%clk 1:31:35]} Bc5 {[%clk 1:29:45]} 4. c3
{[%clk 1:31:51]} Nf6 {[%clk 1:29:16]} 5. d3 {[%clk 1:32:12]} O-O {[%clk 1:28:47]}
6. O-O {[%clk 1:32:31]} d6 {[%clk 1:28:39]} 7. h3 {[%clk 1:32:28]} Be6
{[%clk 1:27:16]} 8. Bb3 {[%clk 1:32:12]} Bb6 {[%clk 1:26:31]} 9. Re1
{[%clk 1:31:54]} Qd7 {[%clk 1:25:13]} 10. Be3 {[%clk 1:27:49]} Rad8
{[%clk 1:16:32]} 11. Nbd2 {[%clk 1:25:56]} Bxe3 {[%clk 1:14:55]} 12. Rxe3
{[%clk 1:25:29]} Nh5 {[%clk 1:14:44]} 13. Ng5 {[%clk 1:22:22]} Nf4
{[%clk 1:14:00]} 14. Nxe6 {[%clk 1:21:19]} fxe6 {[%clk 1:14:18]} 15. Qg4
{[%clk 1:21:34]} Rf6 {[%clk 1:13:33]} 16. Rg3 {[%clk 1:17:56]} Rg6
{[%clk 1:13:22]} 17. Qf3 {[%clk 1:17:42]} Rf6 18. Qe3 {[%clk 1:16:07]} Rdf8
{[%clk 1:11:57]} 19. Rf1 {[%clk 1:16:14]} Qf7 {[%clk 1:11:46]} 20. Kh2 Na5
{[%clk 1:09:37]} 21. Bd1 {[%clk 1:13:35]} c5 {[%clk 1:06:33]} 22. a3
{[%clk 1:13:17]} Nc6 {[%clk 1:06:00]} 23. b4 {[%clk 1:12:37]} cxb4
{[%clk 1:03:23]} 24. axb4 {[%clk 1:12:55]} b5 {[%clk 1:03:34]} 25. Bf3
{[%clk 1:11:34]} d5 {[%clk 0:56:09]} 26. Qc5 {[%clk 1:10:08]} Qd7
{[%clk 0:54:21]} 27. Qxb5 {[%clk 1:09:11]} Rb8 {[%clk 0:54:02]} 28. Qa6
{[%clk 1:09:09]} Rb6 {[%clk 0:53:53]} 29. Qa2 {[%clk 1:09:24]} Ne7
{[%clk 0:50:07]} 30. exd5 {[%clk 1:09:24]} Nexd5 {[%clk 0:49:08]} 31. Ne4
{[%clk 1:09:26]} Rh6 {[%clk 0:47:06]} 32. Ra1 {[%clk 1:09:05]} Rc6
{[%clk 0:46:22]} 33. Nc5 {[%clk 1:08:28]} Qf7 {[%clk 0:45:13]} 34. Qxa7
{[%clk 1:07:52]} Rc7 {[%clk 0:44:30]} 35. Qb8+ {[%clk 1:06:50]} Qf8
{[%clk 0:44:05]} 36. Ra8 {[%clk 1:06:25]} Qxb8 {[%clk 0:44:20]} 37. Rxb8+
{[%clk 1:06:42]} Kf7 {[%clk 0:44:33]} 38. c4 {[%clk 1:06:55]} Nxb4
{[%clk 0:43:48]} 39. Rxb4 {[%clk 1:06:41]} Rxc5 {[%clk 0:43:50]} 40. Rb7+
{[%clk 1:07:01]} Kf8 {[%clk 0:42:46]} 41. Rgxg7 {[%clk 1:07:11]} Nxd3
{[%clk 0:42:43]} 42. Rgd7 {[%clk 1:07:24]} Ke8 {[%clk 0:42:40]} 43. Rxd3
{[%clk 1:07:18]} Rxc4 {[%clk 0:42:39]} 44. Ra3 {[%clk 1:07:37]} Kd8
{[%clk 0:42:21]} 45. Ra8+ {[%clk 1:07:24]} Rc8 {[%clk 0:42:41]} 46. Rxc8+
{[%clk 1:07:44]} Kxc8 {[%clk 0:42:56]} 47. Rg7 {[%clk 1:08:06]} Kd8
{[%clk 0:43:06]} 48. Be4 {[%clk 1:08:25]} Rf6 {[%clk 0:43:10]} 49. f3
{[%clk 1:08:41]} h6 {[%clk 0:43:33]} 50. Rg6 {[%clk 1:09:02]} Rxg6
{[%clk 0:43:28]} 51. Bxg6 {[%clk 1:09:23]} Ke7 {[%clk 0:43:52]} 52. h4
{[%clk 1:09:31]} Kf6 {[%clk 0:43:52]} 53. Be8 {[%clk 1:09:46]} Kf5
{[%clk 0:43:38]} 54. Bd7 {[%clk 1:10:21]} h5 {[%clk 0:43:58]} 55. Be8
{[%clk 1:10:42]} e4 {[%clk 0:43:59]} 56. fxe4+ {[%clk 1:11:04]} Kxe4
{[%clk 0:44:20]} 57. Bxh5 {[%clk 1:11:30]} Kf5 {[%clk 0:44:18]} 58. Bg4+
{[%clk 1:11:54]} Kf6 {[%clk 0:44:42]} 59. Bxe6 {[%clk 1:12:15]} 1-0

[Event "EYCC 2024 - O08"]
[Site "?"]
[Date "2024.08.23"]
[Round "2.9"]
[White "Aker, Meric Zeynel"]
[Black "Morotti, Federico"]
[Result "1-0"]
[BlackElo "1528"]
[WhiteElo "1676"]
[LiveChessVersion "1.4.8"]

1. d4 {[%clk 1:30:57]} d5 {[%clk 1:30:39]} 2. c4 {[%clk 1:31:21]} c6
{[%clk 1:31:03]} 3. cxd5 {[%clk 1:31:44]} cxd5 {[%clk 1:31:25]} 4. Nf3
{[%clk 1:32:03]} Nc6 {[%clk 1:31:11]} 5. Nc3 {[%clk 1:32:19]} Nf6
{[%clk 1:31:28]} 6. Bf4 {[%clk 1:32:36]} a6 {[%clk 1:31:30]} 7. e3
{[%clk 1:29:17]} Bf5 {[%clk 1:31:42]} 8. Bd3 {[%clk 1:25:56]} Bxd3
{[%clk 1:30:58]} 9. Qxd3 {[%clk 1:26:22]} e6 {[%clk 1:30:46]} 10. O-O
{[%clk 1:22:48]} Be7 {[%clk 1:30:48]} 11. Rfc1 {[%clk 1:21:09]} O-O
{[%clk 1:29:18]} 12. Nd2 {[%clk 1:10:38]} Qd7 {[%clk 1:28:58]} 13. Na4
{[%clk 1:07:57]} Bd8 {[%clk 1:28:08]} 14. Nc5 {[%clk 1:08:18]} Qe7
{[%clk 1:26:06]} 15. Qc3 {[%clk 1:02:23]} Ba5 {[%clk 1:21:13]} 16. Qd3
{[%clk 1:02:32]} Nb4 {[%clk 1:21:06]} 17. Qe2 {[%clk 1:02:20]} Rfc8
{[%clk 1:20:51]} 18. a3 {[%clk 1:02:32]} Nc6 {[%clk 1:21:06]} 19. b4
{[%clk 1:02:41]} Bb6 {[%clk 1:21:20]} 20. Ndb3 {[%clk 0:58:38]} a5
{[%clk 1:20:24]} 21. Qb5 {[%clk 0:57:02]} a4 {[%clk 1:20:20]} 22. Nxa4
{[%clk 0:55:05]} Bd8 {[%clk 1:19:02]} 23. Nac5 {[%clk 0:54:29]} b6
{[%clk 1:18:43]} 24. Na4 {[%clk 0:51:53]} Na7 {[%clk 1:18:33]} 25. Qd3
{[%clk 0:51:38]} Nc6 {[%clk 1:18:15]} 26. Nc3 {[%clk 0:48:18]} Nxb4
{[%clk 1:17:05]} 27. axb4 {[%clk 0:48:19]} Qxb4 {[%clk 1:17:24]} 28. Rxa8
{[%clk 0:48:05]} Rxa8 {[%clk 1:17:41]} 29. Nd2 {[%clk 0:48:02]} Qa3
{[%clk 1:16:58]} 30. Qb1 {[%clk 0:46:12]} Rc8 {[%clk 1:15:27]} 31. Ne2
{[%clk 0:46:07]} Ra8 {[%clk 1:15:20]} 32. Bc7 {[%clk 0:44:46]} Bxc7
{[%clk 1:15:16]} 33. Rxc7 {[%clk 0:45:07]} Qa5 {[%clk 1:15:08]} 34. Qc1
{[%clk 0:44:48]} Qa6 {[%clk 1:15:06]} 35. Ng3 {[%clk 0:44:55]} b5
{[%clk 1:15:01]} 36. Rc6 {[%clk 0:44:02]} Qb7 {[%clk 1:15:13]} 37. Rc7
{[%clk 0:42:55]} Qa6 {[%clk 1:15:35]} 38. Qc6 {[%clk 0:42:42]} Qxc6
{[%clk 1:15:40]} 39. Rxc6 {[%clk 0:43:07]} 1-0

[Event "EYCC 2024 - O08"]
[Site "?"]
[Date "2024.08.23"]
[Round "2.10"]
[White "Mankovich, Yoav"]
[Black "Kucher, Artem"]
[Result "1/2-1/2"]
[BlackElo "1670"]
[WhiteElo "1535"]
[LiveChessVersion "1.4.8"]

1. e4 {[%clk 1:30:56]} c5 {[%clk 1:31:00]} 2. Nc3 {[%clk 1:31:12]} Nc6
{[%clk 1:31:13]} 3. g3 {[%clk 1:31:22]} g6 {[%clk 1:31:27]} 4. Bg2
{[%clk 1:31:39]} Bg7 {[%clk 1:31:33]} 5. d3 {[%clk 1:31:41]} e6 {[%clk 1:31:33]}
6. Nge2 {[%clk 1:31:33]} Nge7 {[%clk 1:31:25]} 7. Be3 {[%clk 1:31:11]} Nd4
{[%clk 1:31:43]} 8. Qd2 {[%clk 1:30:35]} O-O {[%clk 1:29:13]} 9. O-O
{[%clk 1:30:24]} Nec6 {[%clk 1:28:36]} 10. Nd1 {[%clk 1:25:11]} d6
{[%clk 1:21:46]} 11. c3 {[%clk 1:24:53]} Nxe2+ {[%clk 1:22:08]} 12. Qxe2
{[%clk 1:25:10]} Rb8 {[%clk 1:16:24]} 13. Qd2 {[%clk 1:18:49]} Re8 14. f4
{[%clk 1:17:40]} Qc7 {[%clk 1:03:03]} 15. g4 f5 {[%clk 0:59:30]} 16. g5
{[%clk 1:08:58]} e5 {[%clk 0:49:59]} 17. h3 {[%clk 0:53:04]} b5 {[%clk 0:45:13]}
18. a3 {[%clk 0:46:36]} a5 {[%clk 0:37:31]} 19. Rc1 {[%clk 0:45:20]} exf4
{[%clk 0:29:11]} 20. Bxf4 {[%clk 0:42:41]} Ne5 {[%clk 0:23:27]} 21. Ne3 fxe4 22.
dxe4 {[%clk 0:38:40]} c4 {[%clk 0:22:59]} 23. Bxe5 {[%clk 0:37:32]} dxe5
{[%clk 0:22:30]} 24. Nd5 {[%clk 0:37:03]} Qc5+ {[%clk 0:19:30]} 25. Kh1
{[%clk 0:36:43]} Rd8 {[%clk 0:17:41]} 26. Qe2 {[%clk 0:34:28]} Be6
{[%clk 0:15:11]} 27. h4 {[%clk 0:28:22]} Rf8 {[%clk 0:09:32]} 28. h5
{[%clk 0:28:35]} gxh5 {[%clk 0:06:34]} 29. Qxh5 Bf7 30. Qh4 {[%clk 0:21:58]} Bxd5
{[%clk 0:03:08]} 31. exd5 {[%clk 0:21:07]} Qe3 32. Be4 {[%clk 0:20:46]} h6
{[%clk 0:01:11]} 33. gxh6 {[%clk 0:18:17]} Qxh6 {[%clk 0:01:25]} 34. Qxh6
{[%clk 0:18:03]} Bxh6 {[%clk 0:01:49]} 35. Rg1+ Kf7 {[%clk 0:01:12]} 36. Rcd1
{[%clk 0:17:19]} Bf4 {[%clk 0:01:10]} 37. Rg2 {[%clk 0:13:19]} Rh8+
{[%clk 0:01:13]} 38. Kg1 {[%clk 0:13:43]} Be3+ {[%clk 0:01:10]} 39. Kf1
{[%clk 0:13:46]} Rh1+ {[%clk 0:01:34]} 40. Ke2 {[%clk 0:14:05]} Rxd1
{[%clk 0:01:59]} 41. Kxd1 {[%clk 0:14:25]} Rb6 {[%clk 0:02:03]} 42. Ke2
{[%clk 0:13:13]} Bc1 {[%clk 0:02:08]} 43. Kd1 {[%clk 0:13:06]} Be3
{[%clk 0:02:31]} 44. Re2 {[%clk 0:12:44]} Bf4 {[%clk 0:02:52]} 45. Rg2
{[%clk 0:11:16]} Rh6 {[%clk 0:02:52]} 46. Re2 {[%clk 0:09:43]} Ke7
{[%clk 0:01:44]} 47. Kc2 {[%clk 0:08:31]} Rh2 {[%clk 0:01:15]} 48. Rxh2
{[%clk 0:08:43]} Bxh2 {[%clk 0:01:40]} 49. b3 {[%clk 0:08:05]} Kd6 1/2-1/2

[Event "EYCC 2024 - O08"]
[Site "?"]
[Date "2024.08.23"]
[Round "2.11"]
[White "Hanas, Markiyan"]
[Black "Reclik, Jakub"]
[Result "1-0"]
[BlackElo "1518"]
[WhiteElo "1652"]
[LiveChessVersion "1.4.8"]

1. e4 {[%clk 1:30:54]} e5 {[%clk 1:30:54]} 2. Nf3 {[%clk 1:30:42]} Nc6
{[%clk 1:31:18]} 3. d4 {[%clk 1:30:45]} exd4 {[%clk 1:31:40]} 4. Nxd4
{[%clk 1:30:49]} Bc5 {[%clk 1:32:01]} 5. Nb3 {[%clk 1:31:00]} Bb6
{[%clk 1:31:53]} 6. Qe2 {[%clk 1:30:45]} d6 {[%clk 1:30:44]} 7. Nc3
{[%clk 1:29:39]} Nge7 {[%clk 1:26:37]} 8. Be3 {[%clk 1:27:48]} O-O
{[%clk 1:26:01]} 9. O-O-O {[%clk 1:26:46]} Be6 {[%clk 1:25:26]} 10. g3
{[%clk 1:25:01]} Qd7 {[%clk 1:23:29]} 11. h3 {[%clk 1:23:47]} Bxb3
{[%clk 1:21:55]} 12. axb3 {[%clk 1:23:57]} Bxe3+ {[%clk 1:19:11]} 13. Qxe3
{[%clk 1:23:33]} a6 {[%clk 1:19:06]} 14. Bg2 {[%clk 1:20:23]} b5 {[%clk 1:18:59]}
15. f4 {[%clk 1:19:14]} b4 {[%clk 1:19:01]} 16. Na4 {[%clk 1:18:58]} Qe6
{[%clk 1:18:01]} 17. g4 {[%clk 1:16:26]} Rfb8 {[%clk 1:10:58]} 18. Qg3
{[%clk 1:11:57]} Nc8 {[%clk 1:08:29]} 19. e5 {[%clk 1:11:06]} Qe8
{[%clk 1:06:30]} 20. Rhe1 {[%clk 1:10:36]} dxe5 {[%clk 1:04:37]} 21. Bxc6
{[%clk 1:10:39]} Qxc6 {[%clk 1:04:47]} 22. Rd8+ {[%clk 1:11:03]} Qe8
{[%clk 1:04:46]} 23. Rxe8# {[%clk 1:11:29]} 1-0

[Event "EYCC 2024 - O08"]
[Site "?"]
[Date "2024.08.23"]
[Round "2.12"]
[White "Ivanov, Vasil A"]
[Black "Li, Leon"]
[Result "0-1"]
[BlackElo "1648"]
[WhiteElo "1452"]
[LiveChessVersion "1.4.8"]

1. d4 {[%clk 1:30:58]} d5 {[%clk 1:30:27]} 2. Bf4 {[%clk 1:31:23]} Bf5
{[%clk 1:28:42]} 3. c4 {[%clk 1:31:49]} c6 {[%clk 1:27:57]} 4. Nc3
{[%clk 1:32:14]} e6 {[%clk 1:27:44]} 5. e3 {[%clk 1:32:37]} Nf6 {[%clk 1:26:00]}
6. Qb3 {[%clk 1:32:47]} Qd7 {[%clk 1:25:24]} 7. Nf3 {[%clk 1:32:45]} Be7
{[%clk 1:23:55]} 8. Ne5 {[%clk 1:33:04]} Qc8 {[%clk 1:23:26]} 9. Be2
{[%clk 1:32:10]} O-O {[%clk 1:22:02]} 10. O-O {[%clk 1:32:34]} Nbd7
{[%clk 1:20:54]} 11. Rac1 {[%clk 1:32:20]} Re8 {[%clk 1:17:37]} 12. cxd5
{[%clk 1:32:43]} Nxd5 {[%clk 1:15:01]} 13. Nxd5 {[%clk 1:32:46]} exd5
{[%clk 1:14:13]} 14. Bf3 {[%clk 1:32:35]} Be6 {[%clk 1:09:18]} 15. Rfd1 Nf6
{[%clk 1:05:23]} 16. Qc3 {[%clk 1:19:22]} a5 {[%clk 0:59:08]} 17. a4
{[%clk 1:19:41]} Ra6 {[%clk 0:58:34]} 18. Qb3 {[%clk 1:19:35]} Rd8
{[%clk 0:55:39]} 19. Be2 {[%clk 1:18:18]} Ra8 {[%clk 0:54:35]} 20. Bb5
{[%clk 1:12:09]} Bd7 {[%clk 0:52:19]} 21. Rf1 {[%clk 1:05:28]} Ne4
{[%clk 0:51:56]} 22. Rfd1 {[%clk 1:04:35]} Re8 {[%clk 0:50:29]} 23. f3
{[%clk 0:59:24]} Nf6 {[%clk 0:50:25]} 24. Bd3 {[%clk 0:55:32]} Rf8
{[%clk 0:49:07]} 25. Bg5 {[%clk 0:53:44]} Be6 {[%clk 0:47:13]} 26. Bb5
{[%clk 0:53:48]} Bd7 {[%clk 0:46:07]} 27. Bd3 {[%clk 0:54:05]} Rb8
{[%clk 0:41:44]} 28. Bf4 {[%clk 0:54:25]} Ra8 {[%clk 0:41:00]} 29. Qb6
{[%clk 0:52:35]} h6 {[%clk 0:37:22]} 30. Nxd7 {[%clk 0:50:47]} Nxd7
{[%clk 0:35:52]} 31. Qc7 {[%clk 0:51:07]} Bg5 {[%clk 0:34:44]} 32. Qxc8
{[%clk 0:51:05]} Rfxc8 {[%clk 0:34:48]} 33. Bf5 {[%clk 0:49:27]} Bxf4
{[%clk 0:34:34]} 34. exf4 {[%clk 0:49:51]} Rd8 35. Bxd7 Rxd7 {[%clk 0:33:41]} 36.
Re1 {[%clk 0:50:11]} Kf8 {[%clk 0:33:43]} 37. Rc3 {[%clk 0:50:33]} Re7
{[%clk 0:33:43]} 38. Kf2 {[%clk 0:50:31]} Rxe1 {[%clk 0:32:55]} 39. Kxe1
{[%clk 0:50:54]} Ke7 {[%clk 0:32:50]} 40. Rb3 {[%clk 0:51:17]} Rb8
{[%clk 0:31:51]} 41. Re3+ {[%clk 0:51:31]} Kd7 {[%clk 0:31:20]} 42. Kd2
{[%clk 0:51:46]} Re8 {[%clk 0:30:50]} 43. Rb3 {[%clk 0:52:10]} Rb8
{[%clk 0:30:37]} 44. Kc3 {[%clk 0:52:17]} Kc7 {[%clk 0:29:57]} 45. h4
{[%clk 0:52:28]} f5 {[%clk 0:30:11]} 46. Kd2 {[%clk 0:52:45]} Kd7
{[%clk 0:29:51]} 47. Re3 {[%clk 0:52:58]} Re8 {[%clk 0:30:08]} 48. Rxe8
{[%clk 0:53:20]} Kxe8 {[%clk 0:30:28]} 49. Ke3 {[%clk 0:53:45]} Ke7
{[%clk 0:30:24]} 50. g4 {[%clk 0:54:05]} g6 {[%clk 0:29:00]} 51. Kf2
{[%clk 0:54:03]} h5 {[%clk 0:28:59]} 52. g5 {[%clk 0:54:22]} Kd6 {[%clk 0:28:00]}
53. Ke3 {[%clk 0:54:38]} b5 {[%clk 0:26:57]} 54. b3 {[%clk 0:54:50]} bxa4
{[%clk 0:26:48]} 55. bxa4 {[%clk 0:55:08]} c5 {[%clk 0:26:08]} 56. Kd3
{[%clk 0:55:32]} cxd4 {[%clk 0:25:18]} 57. Kxd4 {[%clk 0:55:49]} Kc6
{[%clk 0:25:28]} 58. Kd3 {[%clk 0:55:46]} Kc5 {[%clk 0:24:57]} 59. Kc3
{[%clk 0:55:59]} d4+ {[%clk 0:25:07]} 60. Kd3 {[%clk 0:55:42]} Kd5
{[%clk 0:25:27]} 61. Kd2 {[%clk 0:56:07]} Kc4 {[%clk 0:25:33]} 62. Kc2
{[%clk 0:56:12]} d3+ {[%clk 0:25:32]} 63. Kd2 {[%clk 0:56:32]} Kd4
{[%clk 0:25:37]} 64. Kd1 {[%clk 0:56:29]} Ke3 {[%clk 0:25:43]} 65. Ke1
{[%clk 0:56:39]} Kxf3 {[%clk 0:25:49]} 66. Kd2 {[%clk 0:57:04]} Kxf4
{[%clk 0:25:30]} 67. Kxd3 {[%clk 0:57:24]} Kf3 {[%clk 0:25:39]} 68. Kc4
{[%clk 0:57:45]} Ke3 {[%clk 0:25:40]} 69. Kb5 {[%clk 0:58:07]} f4
{[%clk 0:25:59]} 70. Kxa5 {[%clk 0:58:30]} f3 {[%clk 0:26:16]} 71. Kb6
{[%clk 0:58:47]} f2 {[%clk 0:26:18]} 72. a5 {[%clk 0:59:13]} f1=Q
{[%clk 0:26:12]} 73. a6 {[%clk 0:59:36]} Qf8 {[%clk 0:26:11]} 74. a7
{[%clk 0:59:52]} Qa8 {[%clk 0:26:31]} 75. Ka6 {[%clk 1:00:07]} Kf4
{[%clk 0:26:44]} 76. Kb6 {[%clk 1:00:22]} Kg4 {[%clk 0:26:58]} 77. Ka6
{[%clk 1:00:37]} Kxh4 {[%clk 0:27:10]} 78. Kb6 {[%clk 1:00:58]} Kxg5
{[%clk 0:27:27]} 79. Ka6 {[%clk 1:01:16]} h4 {[%clk 0:27:44]} 80. Kb6
{[%clk 1:01:35]} h3 0-1